00692nam a2200181 a 450000500170000000800410001702000180005805000230007610000220009924501100012125000120023126000440024330000230028752001380031065000220044865000190047065000210048920140412111311.0000818s19uu xx 00 eng d a0-316-30874-9 aTR(PS EbWh55 1992 aGerson, Mary-Joan aWhy the sky is far away :ba nigerian folktale /cretold by Mary-Joan Gerson ; pictures by Carla Golembe. a1st Ed. aBoston :bLittle Brown and Comp,c1992. a1 v. (unp.) ; ill. aThe sky was once so close to the Earth that people cut parts of it to eat, but their waste and greed caused the sky to move far away. aFolklore--Nigeria aSkies--Fiction aChildren stories